[Event "FIDE World Blitz 2013"]
[Site "Khanty-Mansiysk RUS"]
[Date "2013.06.09"]
[Round "1.11"]
[White "Ponkratov, Pavel"]
[Black "Sargissian, Gabriel"]
[Result "1/2-1/2"]
[WhiteElo "2605"]
[BlackElo "2671"]
[PlyCount "190"]
[EventDate "2013.06.09"]

1. e4 e5 2. Nf3 Nc6 3. Bc4 Bc5 4. c3 Nf6 5. d4 exd4 6. e5 d5 7. Bb5 Ne4 8. cxd4
Bb6 9. Nc3 O-O 10. Be3 Bf5 11. O-O Ne7 12. Bd3 c6 13. Qc2 Nxc3 14. bxc3 Qd7 15.
Rae1 Bxd3 16. Qxd3 Qf5 17. Qd1 Ng6 18. h3 Rfe8 19. g4 Qd7 20. Nd2 f5 21. exf6
gxf6 22. f4 f5 23. Nf3 fxg4 24. Ne5 Nxe5 25. fxe5 Re6 26. Kh1 Rg6 27. hxg4 Qxg4
28. Qxg4 Rxg4 29. Rg1 Rg6 30. Bh6 Re8 31. Ref1 Bd8 32. Kh2 Be7 33. Kh3 Bf8 34.
Bd2 Ree6 35. Rxg6+ Rxg6 36. a4 b5 37. Ra1 a6 38. axb5 cxb5 39. Rf1 Be7 40. Rb1
Kf7 41. Ra1 Ke8 42. Bf4 h5 43. Bg3 Rc6 44. Be1 Rg6 45. Bg3 Kd7 46. Be1 Bd8 47.
Rb1 Rb6 48. Bh4 Bxh4 49. Kxh4 Rc6 50. Rb3 Rb6 51. Kxh5 a5 52. Kg5 a4 53. Ra3
Ke6 54. Ra1 Ra6 55. Rf1 Ke7 56. Kf5 a3 57. Ra1 a2 58. Kf4 Ra3 59. Kf5 Ra4 60.
Kf4 Ra3 61. Kf5 Ra6 62. Kf4 Ra4 63. Ke3 Ra3 64. Kd2 Ra4 65. Kc2 b4 66. Kb3 Ra8
67. cxb4 Rc8 68. Rxa2 Rc4 69. Rd2 Kd7 70. Ka4 Kc6 71. Ka5 Rc1 72. b5+ Kb7 73.
Re2 Ra1+ 74. Kb4 Kb6 75. e6 Rb1+ 76. Kc3 Rc1+ 77. Kb4 Rb1+ 78. Kc3 Rc1+ 79. Kd2
Rc8 80. Re5 Re8 81. Kd3 Kxb5 82. Rxd5+ Kc6 83. Re5 Kd6 84. Ra5 Rxe6 85. Ra6+
Kd5 86. Ra5+ Kd6 87. Kc4 Re1 88. Ra6+ Kc7 89. Kd5 Rh1 90. Ra7+ Kd8 91. Kc6 Rh6+
92. Kc5 Rg6 93. d5 Rh6 94. Rb7 Rg6 95. Rb8+ Kd7 1/2-1/2

[Event "FIDE World Blitz 2013"]
[Site "Khanty-Mansiysk RUS"]
[Date "2013.06.09"]
[Round "1.12"]
[White "Mamedov, Rauf"]
[Black "Gundavaa, Bayarsaikhan"]
[Result "1/2-1/2"]
[WhiteElo "2637"]
[BlackElo "2516"]
[PlyCount "134"]
[EventDate "2013.06.09"]

1. g3 d5 2. Bg2 Nf6 3. d3 Bf5 4. Nd2 h6 5. e4 Bh7 6. exd5 Nxd5 7. Ngf3 Nd7 8.
O-O e6 9. a3 Be7 10. Re1 O-O 11. Nc4 c6 12. Qe2 Bf6 13. Ncd2 Re8 14. Ne4 Be7
15. Bd2 Qb6 16. b4 Rad8 17. c4 N5f6 18. Be3 Qa6 19. Nc3 Bf8 20. b5 Qa5 21. Bd2
Qc7 22. d4 c5 23. Bf4 Qc8 24. Be3 cxd4 25. Bxd4 Bc5 26. Bxc5 Nxc5 27. Ne5 Nd3
28. Nxd3 Bxd3 29. Qe3 Bxc4 30. Rac1 Qb8 31. h3 Bd5 32. Nxd5 Nxd5 33. Qb3 Re7
34. Bxd5 Rxd5 35. Qxd5 exd5 36. Rxe7 Qd6 37. Re3 d4 38. Rd3 Qd5 39. a4 h5 40.
Rcd1 h4 41. Rxd4 Qb3 42. R1d3 Qb1+ 43. Kg2 hxg3 44. Rxg3 g6 45. Rf3 Qc1 46. h4
Qc8 47. Rdf4 Qe6 48. Rxf7 Qg4+ 49. Rg3 Qxa4 50. Rff3 Kh7 51. Rf7+ Kh6 52. Re3
Qxb5 53. Rff3 Qd5 54. Kg3 Qd6+ 55. Kg4 Qd7+ 56. Kg3 Qd6+ 57. Kg2 Qd5 58. Kg3
Qd6+ 59. Kh3 Qd7+ 60. Kg2 Qd5 61. Rd3 Qe4 62. Rde3 Qd5 63. Kg3 Qd6+ 64. Rf4 b5
65. Kg4 Qd7+ 66. Kg3 Qd6 67. Kg4 Qd7+ 1/2-1/2

[Event "FIDE World Blitz 2013"]
[Site "Khanty-Mansiysk RUS"]
[Date "2013.06.09"]
[Round "2.3"]
[White "Nepomniachtchi, Ian"]
[Black "Riazantsev, Alexander"]
[Result "0-1"]
[WhiteElo "2717"]
[BlackElo "2708"]
[PlyCount "132"]
[EventDate "2013.06.09"]

1. e4 e6 2. d4 d5 3. Nc3 Bb4 4. exd5 exd5 5. Bd3 Nf6 6. Qf3 O-O 7. h3 c5 8.
dxc5 Nc6 9. Nge2 d4 10. a3 Ba5 11. b4 dxc3 12. bxa5 Qxa5 13. Qg3 Qxc5 14. O-O
Re8 15. Nxc3 Bf5 16. Be3 Qa5 17. Rfc1 Rad8 18. Bg5 Qxc3 19. Bxf5 Qxg3 20. fxg3
Rd6 21. Re1 Red8 22. g4 h6 23. Bf4 Rd5 24. Bd3 Nd4 25. a4 Ne6 26. Be3 a6 27.
Reb1 R5d7 28. Bc4 Rc8 29. Bd3 Nd5 30. Bf2 Ndf4 31. Be4 Ne2+ 32. Kf1 Nc3 33. Re1
Nxe4 34. Rxe4 Rxc2 35. Re2 Rdc7 36. Rxc2 Rxc2 37. Rb1 Rc7 38. Be3 g5 39. Ke2
Rd7 40. Rb4 Nd8 41. Re4 Nc6 42. Bc5 Rd5 43. Rc4 Kg7 44. Be3 f6 45. Re4 Kf7 46.
g3 Re5 47. Rc4 Rd5 48. Re4 Rd7 49. Rc4 Rd6 50. Re4 Re6 51. Rc4 Re5 52. Kd3 Rd5+
53. Ke4 Rd1 54. Bc1 Ke6 55. Ke3 Rh1 56. Rc2 Rxh3 57. Kf3 Rh1 58. Bb2 Rb1 59.
Re2+ Ne5+ 60. Kg2 b5 61. axb5 axb5 62. Bd4 b4 63. Ra2 Kd5 64. Ba7 b3 65. Ra6 b2
66. Rxf6 Ra1 0-1

[Event "FIDE World Blitz 2013"]
[Site "Khanty-Mansiysk RUS"]
[Date "2013.06.09"]
[Round "2.10"]
[White "Rakhmanov, Aleksandr"]
[Black "Georgiev, Kiril"]
[Result "1/2-1/2"]
[WhiteElo "2602"]
[BlackElo "2636"]
[PlyCount "159"]
[EventDate "2013.06.09"]

1. d4 Nf6 2. c4 e6 3. Nc3 Bb4 4. e3 O-O 5. Bd3 d5 6. Nge2 dxc4 7. Bxc4 c5 8. a3
Bxc3+ 9. bxc3 Nc6 10. O-O Qc7 11. Ba2 b6 12. Bb2 Ba6 13. Re1 Na5 14. Ng3 Rfd8
15. e4 Bc4 16. Bxc4 Nxc4 17. Bc1 Rac8 18. Bg5 Nd7 19. Bxd8 Rxd8 20. Qa4 Na5 21.
Rad1 Rc8 22. e5 Qc6 23. Qxc6 Nxc6 24. d5 exd5 25. Rxd5 Nf8 26. f4 g6 27. Ne4
Kg7 28. f5 gxf5 29. Nd6 Ne7 30. Rd3 Rc6 31. Rf3 Nfg6 32. Nxf5+ Nxf5 33. Rxf5 b5
34. Rd1 Re6 35. Rd6 Re7 36. e6 fxe6 37. Rxc5 Kf6 38. Rxb5 Rc7 39. Rd3 e5 40.
Re3 Ke6 41. Ra5 Kf5 42. Rb5 Rd7 43. Rf3+ Ke6 44. Rb1 Nf4 45. Rf2 Rc7 46. Rc2
Nd5 47. c4 Ne3 48. Rc3 Nxc4 49. Rd1 Rc6 50. a4 a5 51. h4 Rc7 52. Kh2 Rc6 53. h5
Rc7 54. Kh3 Rc6 55. Kh4 Rc7 56. Kg5 Rc6 57. g4 Rc7 58. Rd8 Rg7+ 59. Kh6 Rxg4
60. Kxh7 Kf6 61. Rf8+ Ke7 62. Rcf3 Nd6 63. h6 Ne4 64. R8f7+ Ke6 65. Rg7 Rh4 66.
Rf8 Nf6+ 67. Rxf6+ Kxf6 68. Ra7 e4 69. Rxa5 e3 70. Ra6+ Kf5 71. Ra8 Re4 72.
Rf8+ Kg5 73. Rg8+ Kh5 74. Rg1 Re7+ 75. Kg8 Kxh6 76. a5 e2 77. Re1 Kg5 78. a6
Kf4 79. a7 Rxa7 80. Rxe2 1/2-1/2

[Event "FIDE World Blitz 2013"]
[Site "Khanty-Mansiysk RUS"]
[Date "2013.06.09"]
[Round "2.12"]
[White "Gundavaa, Bayarsaikhan"]
[Black "Mamedov, Rauf"]
[Result "1-0"]
[WhiteElo "2516"]
[BlackElo "2637"]
[PlyCount "101"]
[EventDate "2013.06.09"]

1. e4 c5 2. Nf3 d6 3. Bb5+ Nd7 4. O-O Ngf6 5. Re1 g6 6. c3 a6 7. Bf1 Bg7 8. d4
cxd4 9. cxd4 O-O 10. a4 e5 11. d5 Nc5 12. Nc3 a5 13. h3 Bd7 14. Bb5 Rc8 15. Bg5
h6 16. Bxf6 Bxf6 17. Bxd7 Qxd7 18. Nb5 Bg7 19. Ra3 f5 20. Nd2 Rf6 21. exf5 gxf5
22. Nc4 Rcf8 23. Qh5 f4 24. Nd2 Rf5 25. Qe2 e4 26. Nxe4 Nxe4 27. Qxe4 Re5 28.
Qb1 f3 29. Rxe5 Bxe5 30. Qg6+ Kh8 31. Qxh6+ Kg8 32. Rxf3 Rxf3 33. gxf3 Qf5 34.
Kg2 Bf6 35. Nxd6 Qe5 36. Qg6+ Bg7 37. Qe8+ Qxe8 38. Nxe8 Bxb2 39. Nd6 b6 40.
Nc4 Bd4 41. f4 Kf7 42. Kf3 Kf6 43. h4 Bc5 44. Ne5 Kf5 45. h5 b5 46. axb5 a4 47.
Nc4 a3 48. Nxa3 Bxa3 49. b6 Bd6 50. b7 Bxf4 51. h6 1-0

[Event "FIDE World Blitz 2013"]
[Site "Khanty-Mansiysk RUS"]
[Date "2013.06.09"]
[Round "4.27"]
[White "Pridorozhni, Aleksei"]
[Black "Ram, S. Krishnan"]
[Result "1-0"]
[WhiteElo "2512"]
[BlackElo "2248"]
[PlyCount "82"]
[EventDate "2013.06.09"]

1. e4 Nc6 2. Nc3 Nf6 3. Nf3 d5 4. exd5 Nxd5 5. Bc4 Nb6 6. Bb3 Bf5 7. d4 e6 8.
O-O Be7 9. h3 O-O 10. Bf4 Na5 11. Ne2 Nxb3 12. axb3 c5 13. c3 Nd5 14. Bh2 Be4
15. Nd2 Bd3 16. Nf3 Be4 17. Nd2 Bg6 18. Nc4 h6 19. Ne5 Bh7 20. dxc5 Bxc5 21. b4
Bd6 22. Nd4 a6 23. Re1 Qc7 24. Qb3 Rfe8 25. Nef3 Bxh2+ 26. Nxh2 Nf4 27. Ng4 e5
28. Nf3 Nd3 29. Red1 Rad8 30. Ne3 Qc6 31. Ra5 b5 32. Qa2 Rd6 33. Ra1 Rg6 34.
Nh4 Rf6 35. Rxa6 Qe4 36. Ra8 Rfe6 37. Rxe8+ Rxe8 38. Nf3 Nf4 39. Ne1 Bg6 40. c4
Rd8 41. b3 Qd4 1-0

[Event "FIDE World Blitz 2013"]
[Site "Khanty-Mansiysk RUS"]
[Date "2013.06.09"]
[Round "7.18"]
[White "Bologan, Viktor"]
[Black "Ponkratov, Pavel"]
[Result "0-1"]
[WhiteElo "2672"]
[BlackElo "2605"]
[PlyCount "44"]
[EventDate "2013.06.09"]

1. e4 e6 2. d3 d5 3. Qe2 Nc6 4. Nf3 dxe4 5. dxe4 e5 6. c3 a5 7. Qc2 Bc5 8. Bb5
Qf6 9. Nbd2 Nge7 10. Nf1 O-O 11. Ng3 Bg4 12. Ng5 h6 13. h3 Bd1 14. Kxd1 hxg5
15. Ke1 Ng6 16. Nf5 Nce7 17. g3 Rad8 18. Kf1 Nxf5 19. exf5 Ne7 20. Bd3 Rxd3 21.
Qxd3 Nxf5 22. Kg2 Nh4+ 0-1

[Event "FIDE World Blitz 2013"]
[Site "Khanty-Mansiysk RUS"]
[Date "2013.06.09"]
[Round "8.3"]
[White "Nguyen, Ngoc Truong Son"]
[Black "Dubov, Daniil"]
[Result "1-0"]
[WhiteElo "2625"]
[BlackElo "2638"]
[PlyCount "121"]
[EventDate "2013.06.09"]

1. d4 Nf6 2. c4 c5 3. d5 b5 4. cxb5 a6 5. e3 axb5 6. Bxb5 Qa5+ 7. Nc3 Bb7 8.
Nge2 Nxd5 9. O-O Nxc3 10. Nxc3 g6 11. Qb3 Qb4 12. Bc4 Qxb3 13. Bxb3 Bg7 14. Bd2
O-O 15. Rac1 d6 16. Nd1 Nd7 17. Bc3 e5 18. f4 Ba6 19. Rf2 c4 20. Bc2 d5 21.
fxe5 Nxe5 22. Rd2 Bb7 23. a3 Nd7 24. Bxg7 Kxg7 25. e4 Nf6 26. exd5 Bxd5 27. Ne3
Be6 28. Bd1 Rfd8 29. Rxd8 Rxd8 30. Bf3 Rb8 31. Rc2 Rb3 32. Kf2 c3 33. Rxc3
Rxb2+ 34. Rc2 Rb3 35. a4 Ra3 36. Bc6 Bd7 37. Bxd7 Nxd7 38. Rc7 Nf6 39. Rc4 Ne8
40. Rd4 Nf6 41. Ke2 h5 42. Nc2 Rb3 43. Rb4 Rc3 44. Kd2 Rc5 45. Ne3 Ra5 46. Nc4
Rd5+ 47. Kc2 Ng4 48. a5 Nxh2 49. a6 Rd8 50. a7 Ra8 51. Ra4 Ng4 52. Nb6 Ne3+ 53.
Kd3 Rxa7 54. Rxa7 Nxg2 55. Nc4 Nf4+ 56. Ke4 Ne6 57. Ne5 Ng5+ 58. Kf4 Nh3+ 59.
Kg3 Ng5 60. Kh4 Kf6 61. Nd7+ 1-0

[Event "FIDE World Blitz 2013"]
[Site "Khanty-Mansiysk RUS"]
[Date "2013.06.09"]
[Round "9.1"]
[White "Nguyen, Ngoc Truong Son"]
[Black "Le, Quang Liem"]
[Result "1/2-1/2"]
[WhiteElo "2625"]
[BlackElo "2712"]
[PlyCount "26"]
[EventDate "2013.06.09"]

1. d4 Nf6 2. c4 e6 3. Nc3 Bb4 4. e3 O-O 5. Nge2 d5 6. a3 Bd6 7. Ng3 c6 8. Bd3
Re8 9. O-O e5 10. cxd5 cxd5 11. e4 dxe4 12. Ncxe4 Nxe4 13. Bxe4 exd4 1/2-1/2

[Event "FIDE World Blitz 2013"]
[Site "Khanty-Mansiysk RUS"]
[Date "2013.06.09"]
[Round "9.11"]
[White "Vitiugov, Nikita"]
[Black "Dubov, Daniil"]
[Result "1/2-1/2"]
[WhiteElo "2734"]
[BlackElo "2638"]
[PlyCount "117"]
[EventDate "2013.06.09"]

1. d4 Nf6 2. Bg5 c5 3. Bxf6 gxf6 4. d5 Qb6 5. Qc1 f5 6. e3 Bh6 7. c4 f4 8. exf4
Bxf4 9. Qxf4 Qxb2 10. Ne2 Qxa1 11. Nec3 d6 12. Qd2 Rg8 13. g3 Rg4 14. f4 b5 15.
cxb5 a6 16. b6 Nd7 17. Be2 Rb8 18. O-O Rxb6 19. Bxg4 Qb2 20. Qxb2 Rxb2 21. Rf2
Rb7 22. Nd2 Nb6 23. Bxc8 Nxc8 24. Kf1 Rb4 25. f5 Nb6 26. f6 Nd7 27. fxe7 Kxe7
28. Ke2 Ne5 29. Kd1 h5 30. Kc2 h4 31. Nde4 hxg3 32. Nxg3 Ng4 33. Re2+ Kd7 34.
Re4 Nf6 35. Rxb4 cxb4 36. Nce4 Nxd5 37. Kb3 a5 38. Ng5 Nc3 39. Nxf7 a4+ 40.
Kxb4 Nxa2+ 41. Kxa4 Nc3+ 42. Kb3 Nd5 43. Ng5 Ke7 44. Kc4 Ne3+ 45. Kd3 Ng4 46.
h4 Ne5+ 47. Ke4 Ng6 48. h5 Kf6 49. Nf3 d5+ 50. Ke3 Ne7 51. Kf4 Nc6 52. Kg4 d4
53. Ne4+ Kg7 54. Kf5 Kh6 55. Nf6 d3 56. Kg4 Ne5+ 57. Kf4 Nxf3 58. Kxf3 d2 59.
Ke4 1/2-1/2

[Event "FIDE World Blitz 2013"]
[Site "Khanty-Mansiysk RUS"]
[Date "2013.06.09"]
[Round "9.24"]
[White "Nadanian, Ashot"]
[Black "Vallejo Pons, Francisco"]
[Result "1-0"]
[WhiteElo "2428"]
[BlackElo "2706"]
[PlyCount "73"]
[EventDate "2013.06.09"]

1. e4 e6 2. d4 d5 3. Nc3 Bb4 4. Bd3 dxe4 5. Bxe4 Nf6 6. Bf3 O-O 7. Nge2 e5 8.
dxe5 Qxd1+ 9. Kxd1 Rd8+ 10. Ke1 Ng4 11. Bf4 Re8 12. e6 Bxe6 13. h3 Nf6 14. Bxb7
Bxc3+ 15. bxc3 Bd5 16. Bxa8 Bxa8 17. f3 Nbd7 18. Kf2 Nd5 19. Bd2 N7b6 20. Rhe1
f6 21. Nf4 Rd8 22. Ne6 Rd6 23. Rab1 Kf7 24. Nd4 Nc4 25. Rb8 Ndb6 26. Bf4 Rd7
27. Ree8 Bd5 28. g4 g6 29. Bh6 c5 30. Nb5 Re7 31. Rf8+ Ke6 32. Bf4 g5 33. Bg3
Kd7 34. Rxf6 a6 35. Rbxb6 Nxb6 36. Rxb6 axb5 37. Rd6+ 1-0

[Event "FIDE World Blitz 2013"]
[Site "Khanty-Mansiysk RUS"]
[Date "2013.06.09"]
[Round "10.17"]
[White "Kobalia, Mikhail"]
[Black "Grachev, Boris"]
[Result "0-1"]
[WhiteElo "2651"]
[BlackElo "2683"]
[PlyCount "84"]
[EventDate "2013.06.09"]

1. e4 c5 2. Nf3 e6 3. d4 cxd4 4. Nxd4 Nc6 5. Nc3 Qc7 6. Be3 Nf6 7. f4 Bb4 8.
Ndb5 Qa5 9. e5 Nd5 10. Bd2 Nxc3 11. Bxc3 Bxc3+ 12. Nxc3 O-O 13. Qd2 f6 14. exf6
Rxf6 15. g3 d5 16. Ne2 Qb6 17. O-O-O Bd7 18. Nd4 Rc8 19. Kb1 e5 20. Nxc6 bxc6
21. fxe5 Rf2 22. Qc1 Be6 23. Bd3 c5 24. Rdf1 c4 25. Rxf2 Qxf2 26. Rf1 Qd4 27.
Bf5 Qxe5 28. Bxe6+ Qxe6 29. Qf4 Re8 30. a3 h6 31. Qd4 Qe5 32. Qxa7 Rb8 33. c3
Rxb2+ 34. Kxb2 Qe2+ 35. Kc1 Qxf1+ 36. Kc2 Qd3+ 37. Kb2 Qd2+ 38. Kb1 Qd1+ 39.
Kb2 Qb3+ 40. Kc1 Qxc3+ 41. Kd1 Qd3+ 42. Ke1 c3 0-1

[Event "FIDE World Blitz 2013"]
[Site "Khanty-Mansiysk RUS"]
[Date "2013.06.09"]
[Round "10.25"]
[White "Gordievsky, Dmitry"]
[Black "Gundavaa, Bayarsaikhan"]
[Result "0-1"]
[WhiteElo "2474"]
[BlackElo "2516"]
[PlyCount "70"]
[EventDate "2013.06.09"]

1. d4 Nf6 2. c4 e6 3. Nf3 d5 4. Nc3 Bb4 5. cxd5 exd5 6. Bg5 Nbd7 7. e3 c5 8.
dxc5 Qa5 9. Rc1 Bxc3+ 10. bxc3 O-O 11. Be2 Qxa2 12. O-O Qa3 13. c4 Qxc5 14. Qb3
dxc4 15. Rxc4 Qa5 16. Rfc1 b6 17. Qb2 Bb7 18. Rc7 Bxf3 19. Bxf3 Qxg5 20. Bxa8
Rxa8 21. Rc8+ Rxc8 22. Rxc8+ Nf8 23. Qa3 N6d7 24. Qxa7 Qd5 25. h3 h6 26. Qa8
Qd1+ 27. Kh2 Qd6+ 28. g3 g6 29. Qe4 Kg7 30. Rc6 Qd2 31. Kg2 Ne6 32. h4 h5 33.
Qc4 Ne5 34. Qb5 Nxc6 35. Qxc6 Qb2 0-1

[Event "FIDE World Blitz 2013"]
[Site "Khanty-Mansiysk RUS"]
[Date "2013.06.09"]
[Round "13.14"]
[White "Moiseenko, Alexander"]
[Black "Dubov, Daniil"]
[Result "0-1"]
[WhiteElo "2711"]
[BlackElo "2638"]
[PlyCount "98"]
[EventDate "2013.06.09"]

1. d4 Nf6 2. c4 c5 3. d5 b5 4. cxb5 a6 5. e3 axb5 6. Bxb5 Qa5+ 7. Nc3 Bb7 8. e4
Nxe4 9. Nge2 Nxc3 10. Nxc3 Ba6 11. Bxa6 Qxa6 12. a4 Qc4 13. Nb5 Na6 14. b3 Qe4+
15. Kf1 e6 16. Bb2 Qxd5 17. Qxd5 exd5 18. Re1+ Kd8 19. h4 d6 20. Rh3 Kd7 21.
Rf3 f6 22. h5 h6 23. Bc3 d4 24. Bd2 Re8 25. Rxe8 Kxe8 26. Ke2 Be7 27. Kd3 Kd7
28. Rg3 Rh7 29. Rg6 d5 30. Rg3 f5 31. Rg6 Bf6 32. f3 c4+ 33. bxc4 Nc5+ 34. Kc2
dxc4 35. g4 fxg4 36. fxg4 d3+ 37. Kd1 Ne4 38. a5 Rh8 39. a6 Ra8 40. a7 Kc6 41.
Nc3 Nxd2 42. Kxd2 Rxa7 43. g5 hxg5 44. h6 Kc5 45. h7 Ra8 46. Ne4+ Kd4 47. Nxf6
c3+ 48. Ke1 c2 49. Kd2 Ra1 0-1

[Event "FIDE World Blitz 2013"]
[Site "Khanty-Mansiysk RUS"]
[Date "2013.06.09"]
[Round "13.20"]
[White "Popov, Ivan RUS"]
[Black "Vallejo Pons, Francisco"]
[Result "1-0"]
[WhiteElo "2632"]
[BlackElo "2706"]
[PlyCount "85"]
[EventDate "2013.06.09"]

1. e4 e6 2. d4 d5 3. Nc3 Bb4 4. exd5 exd5 5. Bd3 Nf6 6. Nge2 O-O 7. O-O Bg4 8.
f3 Bh5 9. Nf4 Bg6 10. Nxg6 hxg6 11. Bg5 c6 12. f4 Qb6 13. Ne2 Nh7 14. Bh4 f5
15. c4 dxc4 16. Bxc4+ Kh8 17. Kh1 Nd7 18. Ng1 Bd6 19. d5 cxd5 20. Qxd5 Ndf6 21.
Bxf6 Nxf6 22. Qd3 Rad8 23. Qg3 Qd4 24. Bb3 Nh5 25. Qxg6 Nxf4 26. Qg5 Qf6 27.
Nf3 Qh6 28. Rad1 Bc7 29. Rxd8 Rxd8 30. Qxf5 Ne2 31. Qh3 Qxh3 32. gxh3 Rf8 33.
Bc4 Nf4 34. Ng5 Rf5 35. Nf7+ Kh7 36. Bd3 g6 37. Bxf5 gxf5 38. Ng5+ Kg6 39. h4
Kh5 40. Nf3 Nd3 41. b3 Nb4 42. a3 Nc2 43. Rc1 1-0

[Event "FIDE World Blitz 2013"]
[Site "Khanty-Mansiysk RUS"]
[Date "2013.06.09"]
[Round "14.2"]
[White "Le, Quang Liem"]
[Black "Dreev, Aleksey"]
[Result "1-0"]
[WhiteElo "2712"]
[BlackElo "2668"]
[PlyCount "124"]
[EventDate "2013.06.09"]

1. d4 d5 2. c4 c6 3. cxd5 cxd5 4. Nc3 Nc6 5. Bf4 e5 6. dxe5 d4 7. Ne4 Qa5+ 8.
Nd2 Nge7 9. Ngf3 Ng6 10. g3 Bg4 11. Bg2 Bxf3 12. Bxf3 Ngxe5 13. O-O Rd8 14.
Bxe5 Nxe5 15. Bxb7 Be7 16. Nf3 O-O 17. Nxe5 Qxe5 18. Ba6 Rb8 19. Qc2 g6 20.
Rac1 Bg5 21. Rcd1 Bf6 22. Rd3 Qa5 23. Bc4 Kg7 24. Rfd1 Rfc8 25. b3 Qb6 26. Rf3
Re8 27. Rdd3 Re7 28. Rf4 Qa5 29. Rdf3 Rb6 30. Kg2 Qe5 31. h4 Rd6 32. Qd2 h5 33.
Qb4 a5 34. Qd2 Qc5 35. Qd1 Qc6 36. Kg1 Qc5 37. Rd3 Qe5 38. e3 Red7 39. Qf3 dxe3
40. Rxe3 Qa1+ 41. Kh2 Rd1 42. a4 Rc1 43. Rd3 Re7 44. Re4 Rxe4 45. Qxe4 Re1 46.
Qd5 Re7 47. Qxa5 Qb2 48. Rf3 Qd4 49. Qd5 Qa1 50. a5 Kh6 51. Qd6 Re1 52. Rxf6
Rh1+ 53. Kg2 Rg1+ 54. Kf3 Qc3+ 55. Bd3 Rd1 56. Kg2 Kg7 57. Rf3 Qa1 58. Re3 Rg1+
59. Kf3 Qd1+ 60. Ke4 Rg2 61. Qe5+ Kg8 62. Qf6 Qc1 1-0

[Event "FIDE World Blitz 2013"]
[Site "Khanty-Mansiysk RUS"]
[Date "2013.06.09"]
[Round "14.15"]
[White "Zvjaginsev, Vadim"]
[Black "Pridorozhni, Aleksei"]
[Result "1-0"]
[WhiteElo "2659"]
[BlackElo "2512"]
[PlyCount "95"]
[EventDate "2013.06.09"]

1. e4 d6 2. Nc3 Nf6 3. f4 d5 4. e5 d4 5. Nce2 Nd5 6. Nxd4 Nxf4 7. Ndf3 Ng6 8.
d4 Bf5 9. Bd3 Bxd3 10. Qxd3 c6 11. Nh3 e6 12. O-O h6 13. Be3 Nd7 14. Rf2 Be7
15. Raf1 O-O 16. Qe4 c5 17. Nf4 Nxf4 18. Qxf4 cxd4 19. Bxd4 Nb6 20. c3 Nd5 21.
Qg4 b5 22. Nd2 Rc8 23. Ne4 b4 24. Rxf7 Rxf7 25. Qxe6 Bf6 26. Nd6 Rcc7 27. Nxf7
Rxf7 28. exf6 Nxf6 29. Bxf6 gxf6 30. Qg4+ Rg7 31. Qxb4 Qd2 32. Qe4 Qxb2 33. Rd1
Qb6+ 34. Kh1 Qc7 35. c4 Kf8 36. h3 Re7 37. Qg6 Re6 38. Qxh6+ Kg8 39. Qg6+ Kf8
40. c5 Qe7 41. Qg3 Rc6 42. Qb8+ Kf7 43. Rb1 Qxc5 44. Rb7+ Kg6 45. Qg8+ Kf5 46.
Qg4+ Ke5 47. Qe2+ Kf5 48. Rb5 1-0

[Event "FIDE World Blitz 2013"]
[Site "Khanty-Mansiysk RUS"]
[Date "2013.06.09"]
[Round "14.23"]
[White "Cherniaev, Alexander"]
[Black "Skatchkov, Pavel"]
[Result "1/2-1/2"]
[WhiteElo "2447"]
[BlackElo "2486"]
[PlyCount "115"]
[EventDate "2013.06.09"]

1. e4 e5 2. Nf3 d5 3. Nc3 d4 4. Ne2 Bd6 5. Ng3 h5 6. c3 h4 7. Nf5 Bxf5 8. exf5
Nc6 9. Bb5 Qf6 10. d3 Nge7 11. Bg5 Qxf5 12. Bxh4 dxc3 13. bxc3 f6 14. O-O O-O-O
15. Bg3 a6 16. Bxc6 Nxc6 17. Rb1 Bc5 18. Qb3 Bb6 19. d4 exd4 20. cxd4 Qd5 21.
Qc2 g5 22. h3 f5 23. Be5 Nxe5 24. Nxe5 Qxd4 25. Nf7 g4 26. Qxf5+ Kb8 27. Nxh8
gxh3 28. Qxh3 Rxh8 29. Rbd1 Qe5 30. Rfe1 Qf6 31. Qf3 Qh4 32. g3 Qh2+ 33. Kf1
Qh3+ 34. Kg1 Rg8 35. Rd3 Rh8 36. Qg2 Qf5 37. Red1 Ka7 38. Qf3 Qh3 39. Qg2 Qf5
40. Qf3 Qh3 41. Qg2 Qf5 42. Qf3 Qh3 43. a4 a5 44. Qg2 Qf5 45. Rd5 Qg4 46. R5d3
Qxa4 47. Qf3 Qa2 48. R3d2 Qc4 49. Rd3 Qc5 50. R3d2 Qg5 51. Rd5 Qe7 52. R5d2 Rf8
53. Qg4 Qc5 54. Rf1 Qc3 55. Re2 Rf7 56. Kg2 Qc6+ 57. Qe4 Qf6 58. Qg4 1/2-1/2

[Event "FIDE World Blitz 2013"]
[Site "Khanty-Mansiysk RUS"]
[Date "2013.06.09"]
[Round "15.6"]
[White "Jakovenko, Dmitry"]
[Black "Inarkiev, Ernesto"]
[Result "1/2-1/2"]
[WhiteElo "2713"]
[BlackElo "2680"]
[PlyCount "95"]
[EventDate "2013.06.09"]

1. e4 c5 2. Nf3 d6 3. Bb5+ Nd7 4. O-O Ngf6 5. Re1 a6 6. Bf1 b6 7. c3 Bb7 8. d3
e5 9. Nbd2 Be7 10. d4 cxd4 11. cxd4 exd4 12. Nxd4 O-O 13. Nf5 Nc5 14. f3 Re8
15. Nxe7+ Qxe7 16. b4 Ncd7 17. Bb2 d5 18. e5 Qxb4 19. Nb3 Nh5 20. Bd4 Nf4 21.
a3 Qe7 22. Qd2 Ne6 23. Bf2 Qg5 24. Qxg5 Nxg5 25. Nd4 Ne6 26. Nf5 Ndc5 27. Rad1
Red8 28. Nd6 Bc6 29. g3 g6 30. f4 Rab8 31. Bg2 Ne4 32. Nxe4 dxe4 33. Rxd8+ Nxd8
34. Bxe4 Bxe4 35. Rxe4 Ne6 36. g4 Nc5 37. Rd4 Ne6 38. Re4 Nc5 39. Rd4 Ne6 40.
Re4 b5 41. f5 Ng5 42. Re3 h5 43. h4 Nh7 44. fxg6 fxg6 45. gxh5 gxh5 46. e6 Re8
47. Re5 Nf8 48. Rxh5 1/2-1/2

[Event "FIDE World Blitz 2013"]
[Site "Khanty-Mansiysk RUS"]
[Date "2013.06.09"]
[Round "16.4"]
[White "Movsesian, Sergei"]
[Black "Nguyen, Ngoc Truong Son"]
[Result "1/2-1/2"]
[WhiteElo "2699"]
[BlackElo "2625"]
[PlyCount "199"]
[EventDate "2013.06.09"]

1. Nf3 Nf6 2. g3 d5 3. Bg2 g6 4. O-O Bg7 5. d3 O-O 6. Nbd2 Nc6 7. e4 dxe4 8.
dxe4 a5 9. h3 Nd7 10. Nc4 b5 11. Ne3 Bb7 12. Qe2 b4 13. Rd1 Qc8 14. a3 Ba6 15.
Qe1 Nc5 16. axb4 axb4 17. Nd5 b3 18. cxb3 Nxb3 19. Ra3 Nxc1 20. Rxc1 Bxb2 21.
Rxa6 Rxa6 22. Rxc6 Rxc6 23. Nxe7+ Kg7 24. Nxc6 Qe6 25. Qb4 Bf6 26. Nfd4 Qd6 27.
Qxd6 cxd6 28. Nb5 Rc8 29. Nb4 Rb8 30. Bf1 h5 31. h4 g5 32. hxg5 Bxg5 33. Nd5
Rd8 34. f4 Bf6 35. Kg2 Rd7 36. Be2 h4 37. g4 Bd8 38. g5 f6 39. gxf6+ Bxf6 40.
Kh3 Bd8 41. Bg4 Rb7 42. Be2 Rd7 43. Kg4 Kh6 44. Nd4 Rg7+ 45. Kf3 Rg3+ 46. Kf2
Ra3 47. Nf5+ Kh7 48. Bf3 h3 49. Nfe3 Bh4+ 50. Kg1 Bg3 51. Bg4 Ra1+ 52. Nd1 h2+
53. Kg2 Ra2+ 54. Kh1 Rd2 55. N1e3 Rf2 56. Bf5+ Kg8 57. Be6+ Kh8 58. Bh3 Ra2 59.
Nf1 Ra1 60. f5 Be5 61. Nde3 Kg7 62. Ng4 Re1 63. Nxe5 dxe5 64. Bg2 Kf6 65. Kxh2
Kg5 66. Kg3 Ra1 67. Nd2 Ra3+ 68. Nf3+ Kf6 69. Kg4 Re3 70. Ng5 Re2 71. Bf3 Re1
72. Nh7+ Kg7 73. Ng5 Kf6 74. Nh3 Re3 75. Nf2 Ra3 76. Kg3 Kg5 77. Ng4 Ra5 78.
Ne3 Rc5 79. Nd5 Rc1 80. Kf2 Rc5 81. Ke2 Rc1 82. Kd2 Rc5 83. Be2 Rc6 84. Bb5 Rc5
85. Bd7 Rc4 86. Kd3 Rd4+ 87. Ke3 Rc4 88. f6 Kg6 89. Be8+ Kh7 90. Ne7 Rc3+ 91.
Kd2 Rf3 92. Nf5 Kg8 93. Ke2 Rf4 94. Ke3 Kf8 95. Bh5 Kg8 96. f7+ Kf8 97. Nd6 Rh4
98. Bg6 Rh6 99. Nc4 Rxg6 100. Nxe5 1/2-1/2

[Event "FIDE World Blitz 2013"]
[Site "Khanty-Mansiysk RUS"]
[Date "2013.06.09"]
[Round "16.18"]
[White "Khismatullin, Denis"]
[Black "Riazantsev, Alexander"]
[Result "0-1"]
[WhiteElo "2658"]
[BlackElo "2708"]
[PlyCount "45"]
[EventDate "2013.06.09"]

1. d4 Nf6 2. c4 e6 3. Nc3 Bb4 4. e3 O-O 5. Bd3 c5 6. Nge2 cxd4 7. exd4 d5 8.
cxd5 Nxd5 9. O-O Nc6 10. Bc2 Re8 11. Qd3 g6 12. Bh6 Be7 13. Qf3 Bf6 14. Rad1
Bh8 15. Rfe1 Bd7 16. Bb3 Nce7 17. Nxd5 Nxd5 18. Bxd5 exd5 19. h3 Qb6 20. Nf4
Bc6 21. Nh5 Ba4 22. b3 gxh5 23. Qg3+ 0-1